|
|
|
|
| LEADER |
01345nam a2200325 a 4500 |
| 001 |
112 |
| 003 |
BD-DhAAL |
| 005 |
20150428100717.0 |
| 008 |
150428s1993 caua b 001 0 eng |
| 010 |
|
|
|a 93014619
|
| 020 |
|
|
|a 1558152776 (cloth)
|
| 020 |
|
|
|a 1558152784 (pbk.)
|
| 040 |
|
|
|a DLC
|c DLC
|d DLC
|d BD-DhAAL
|
| 050 |
0 |
0 |
|a HN980
|b .L54 1993
|
| 082 |
0 |
0 |
|a 306/.09172/4
|2 20
|
| 100 |
1 |
|
|a Lindenberg, Marc.
|9 10790
|
| 245 |
1 |
4 |
|a The human development race :
|b improving the quality of life in developing countries /
|c Marc M. Lindenberg.
|
| 260 |
|
|
|a San Francisco, Calif. :
|b ICS Press,
|c c1993.
|
| 300 |
|
|
|a xii, 231 p. :
|b ill. ;
|c 23 cm.
|
| 500 |
|
|
|a "An International Center for Economic Growth publication."
|
| 504 |
|
|
|a Includes bibliographical references (p. 199-222) and index.
|
| 541 |
|
|
|e 112
|
| 650 |
|
0 |
|a Quality of life
|z Developing countries.
|9 10791
|
| 650 |
|
0 |
|a Economic development
|x Social aspects.
|9 6350
|
| 651 |
|
0 |
|a Developing countries
|x Economic policy.
|9 10792
|
| 651 |
|
0 |
|a Developing countries
|x Social policy.
|9 7000
|
| 710 |
2 |
|
|a International Center for Economic Growth.
|9 7854
|
| 942 |
|
|
|2 ddc
|c BK
|
| 999 |
|
|
|c 34331
|d 34331
|
| 952 |
|
|
|0 0
|1 0
|2 ddc
|4 0
|6 306_091724000000000_LIN
|7 0
|9 53597
|a SCL
|b SCL
|c GEN
|d 2015-04-28
|e Gift: The Asia Foundation
|l 1
|m 2
|o 306.091724 LIN
|p 3020000112
|r 2019-11-08
|s 2019-10-20
|t 1
|w 2015-04-28
|y BK
|